000 01103nam a22003377a 4500
003 CHAP
005 20220329135823.0
008 971013s1984 r 00010 d
010 _a42825
011 _a43797
035 _a47934
040 _cCHAP
082 _a630.9726
_bE8
100 0 0 _aEwell, Peter T.
_939015
245 _aIntensification of peasant agriculture in Yucatan
260 _aIthaca :
_bNew York State College of Agriculture and LIfe Sciences,
_c1984
300 _a233 p.
490 _aA.E. Research
_v; 84-4
590 _aBATCH-UPD
_b10
_c20130110
_lUCH01
_h0035
590 _aBATCH-UPD
_b10
_c20130110
_lUCH01
_h1144
590 _aBATCH-UPD
_b10
_c20130410
_lUCH01
_h0729
590 _aBATCH-UPD
_b10
_c20130914
_lUCH01
_h0037
590 _aCONVERSION
_b10
_c20130109
_lUCH01
_h1324
650 1 4 _aAgricultura
_xTrabajadores
_xYucatan.
_91882
650 1 4 _aAgricultura
_xYucatán.
_91902
650 1 4 _aCampesinado
_xYucatán.
_918049
830 0 _aA.E. Research
_v; 84-4
_9111
901 _aBK
942 _cLIBRO
949 _a630.9726 E8
_bBC
_cLIBRO
_d33724000049631
_eLIBRO
_h62190
_i47934
_si
999 _c42825
_d42825